Pakistan book trade directory, (Record no. 77429)

MARC details
000 -LEADER
fixed length control field 00693nam a22002291 4500
001 - CONTROL NUMBER
control field sa 68000734
003 - CONTROL NUMBER IDENTIFIER
control field DLC
005 - DATE AND TIME OF LATEST TRANSACTION
control field 20260227112426.0
008 - FIXED-LENGTH DATA ELEMENTS--GENERAL INFORMATION
fixed length control field 710903s1966 pk r 00010 eng
010 ## - LIBRARY OF CONGRESS CONTROL NUMBER
LC control number sa 68000734
025 ## - OVERSEAS ACQUISITION NUMBER
Overseas acquisition number PL480:P-E-1138
043 ## - GEOGRAPHIC AREA CODE
Geographic area code a-pk---
050 0# - LIBRARY OF CONGRESS CALL NUMBER
Classification number Z459.5
Item number .U76
082 ## - DEWEY DECIMAL CLASSIFICATION NUMBER
Classification number 658.8/09/655025549
100 10 - MAIN ENTRY--PERSONAL NAME
Personal name Usmani, M. Adil.
245 10 - TITLE STATEMENT
Title Pakistan book trade directory,
Statement of responsibility, etc. by M. Adil Usmani [and] Ghaniul Akram Sabzwari.
260 0# - PUBLICATION, DISTRIBUTION, ETC.
Place of publication, distribution, etc. Karachi,
Name of publisher, distributor, etc. Library Promotion Bureau,
Date of publication, distribution, etc. 1966.
300 ## - PHYSICAL DESCRIPTION
Extent xvi, 204 p.
Dimensions 25 cm.
350 ## - PRICE (NR) (BK AM CF MU VM SE) [OBSOLETE]
Price Rs10
650 #0 - SUBJECT ADDED ENTRY--TOPICAL TERM
Topical term or geographic name entry element Book industries and trade
Geographic subdivision Pakistan
General subdivision Directories.
700 10 - ADDED ENTRY--PERSONAL NAME
Personal name Sabzwari, Ghaniul Akram,
Relator term joint author.

No items available.

Powered by Koha